000 00699nam a2200181Ia 4500
001 23442
003 GE_BSU
008 181216s||||||||xx |||||||||||||| ||und||
040 _cGE_BSU
245 _aეკონომიკა და ბიზნესი.EKONOMIKS AND BUSINESS.ЭКОНОМИКА И БИСНЕС> №2. 2018
245 _cმთ.რედ:ე.მექვაბიშვილი
260 _aთბილისი
260 _c2018წელი
300 _a216გვ;24 სმ;
653 _aეკონომიკა და ბიზნესი.EKONOMIKS AND BUSINESS.ЭКОНОМИКА И БИСНЕС. №2. 2018
653 _aპერიოდიკა
942 _cCR
999 _c56329
_d56329